000 01944nam a2200409Ia 4500
003 OSt
005 20210527084426.0
008 141031s2007 ck ao gs 000 0 spa d
020 _a9789580805069
040 _aCO-BoRNBP
_bspa
_cCO-BoRNBP
_erda
082 0 4 _aR 986.1
_bG71
245 0 0 _aGran enciclopedia de Colombia
_cDirigido por Fernando Wills Franco
250 _aPrimera edición
264 1 _aBogotá
_bCírculo de Lectores
_c2007
300 _avolumen 1
_bilustraciones y fotografías en blanco y negro
_c27 cm
336 _atexto
_btxt
_2rdacontent
337 _asin mediación
_bn
_2rdamedia
338 _avolumen
_bnc
_2rdacarrier
505 3 _aVolumen 1. Historia 1 : desde la prehistoria hasta el alzamiento del común
521 _aRecomendado desde los 12 años
650 1 4 _aLiteratura colombiana
_xHistoria y crítica
_vEnciclopedias
_2LEMB
_9124586
650 1 4 _aAutores colombianos
_vBiografías
_2LEMB
_93685
650 1 4 _aHistoria económica
_vEnciclopedias
_zColombia
_2LEMB
_993280
650 1 4 _aArte colombiano
_vEnciclopedias
_xHistoria
_2LEMB
_993281
650 1 4 _aCultura
_vEnciclopedias
_zColombia
_2LEMB
_993282
650 1 4 _aHistoria económica
_vEnciclopedias
_zColombia
_2LEMB
_993280
651 4 _aColombia
_vEnciclopedias
_xHistoria
_9124587
651 4 _aColombia
_vEnciclopedias
_xGramática
_993284
651 4 _aColombia
_vEnciclopedias
_xGeografía
_912552
651 4 _aColombia
_vEnciclopedias
_xPolítica
_993285
700 1 _aWills Franco, Fernando,
_edirector
_9124588
700 1 _aOrdóñez, Fredy,
_eedición
_9124589
700 1 _aPerry, Jimena,
_eedición
_9124590
700 1 _aRoesel, Mónica,
_eedición
_9124591
740 _aHistoria 1: desde la prehistoria hasta el alzamiento del común \ Historia 2: desde los precursores de la independencia hasta el radicalismo \ Historia 3: desde la regeneración hasta los gobiernos de Álvaro Uribe Vélez \ Historia 4: Literatura 1: desde la
942 _2ddc
_cREF
999 _c13461
_d13461